Top 150 Most Populated Subdivisions of the Americas - Statistics

General Stats
  • This quiz has been taken 197 times
  • The average score is 79 of 150
Answer Stats
Country Subdivision Population % Correct
Brazil São Paulo 47.1 mil
97%
United States California 40.2 mil
95%
United States New York 20.3 mil
95%
Brazil Rio de Janeiro 17.7 mil
94%
United States Texas 30.9 mil
93%
United States Florida 22.9 mil
92%
Argentina Buenos Aires 17.5 mil
91%
Argentina Buenos Aires 3.10 mil
91%
Mexico México 17.3 mil
91%
Mexico Mexico City 9.39 mil
91%
United States Washington 8.02 mil
90%
United States Michigan 10.3 mil
88%
Canada Ontario 15.1 mil
87%
United States Georgia 11.2 mil
86%
United States Illinois 13.0 mil
86%
United States North Carolina 11.0 mil
85%
United States Ohio 12.1 mil
85%
United States Pennsylvania 13.4 mil
85%
United States Arizona 7.58 mil
84%
Peru Lima 10.3 mil
84%
United States Oregon 4.37 mil
84%
Canada Quebec 8.60 mil
84%
United States Virginia 8.94 mil
84%
United States Colorado 6.02 mil
83%
United States Alabama 5.23 mil
82%
Chile Santiago 7.94 mil
82%
United States Kansas 3.03 mil
81%
United States Massachusetts 7.19 mil
81%
United States Mississippi 3.03 mil
81%
United States Missouri 6.36 mil
81%
United States Nevada 3.27 mil
81%
United States New Jersey 9.54 mil
81%
United States South Carolina 5.44 mil
81%
United States Tennessee 7.26 mil
81%
Colombia Capital District 7.95 mil
80%
United States Kentucky 4.65 mil
79%
United States Minnesota 5.89 mil
79%
United States Wisconsin 6.07 mil
79%
United States Indiana 7.04 mil
78%
United States Maryland 6.35 mil
78%
United States New Mexico 2.18 mil
78%
United States Iowa 3.30 mil
76%
United States Arkansas 3.14 mil
75%
United States Utah 3.48 mil
75%
Venezuela Capital District 2.09 mil
74%
United States Louisiana 4.73 mil
74%
United States Nebraska 2.03 mil
74%
United States Oklahoma 4.14 mil
74%
United States Idaho 2.00 mil
73%
Canada British Columbia 5.29 mil
72%
Canada Alberta 4.55 mil
71%
Brazil Federal District 3.22 mil
71%
Haiti Ouest 4.32 mil
71%
Mexico Baja California 3.86 mil
70%
Brazil Amazonas 4.30 mil
69%
United States Connecticut 3.74 mil
69%
Mexico Chihuahua 3.84 mil
66%
Guatemala Guatemala 3.75 mil
64%
Bolivia La Paz 3.11 mil
64%
United States New Hampshire 1.44 mil
64%
Brazil Pará 8.80 mil
63%
Mexico Yucatán 2.40 mil
61%
Brazil Bahia 15.3 mil
60%
Brazil Paraná 11.8 mil
60%
United States West Virginia 1.83 mil
60%
Mexico Puebla 6.60 mil
58%
DominicanRepublic Santo Domingo 3.18 mil
58%
Brazil Mato Grosso 3.45 mil
57%
Brazil Minas Gerais 21.7 mil
57%
Brazil Rio Grande do Sul 11.7 mil
57%
Costa Rica San José 1.69 mil
56%
Mexico Veracruz 8.18 mil
56%
Mexico Jalisco 8.48 mil
53%
Mexico Oaxaca 4.14 mil
53%
Panama Panamá 1.81 mil
53%
Argentina Córdoba 3.95 mil
50%
Colombia Córdoba 1.86 mil
50%
Cuba La Habana 2.14 mil
50%
Mexico Nuevo León 5.90 mil
50%
Brazil Pernambuco 9.81 mil
50%
Brazil Santa Catarina 7.34 mil
50%
Mexico Sonora 3.03 mil
50%
Brazil Rio Grande do Norte 3.68 mil
48%
Mexico Durango 1.86 mil
47%
Brazil Mato Grosso do Sul 2.93 mil
47%
El Salvador San Salvador 1.71 mil
47%
Mexico Tamaulipas 3.54 mil
47%
Mexico Chiapas 5.66 mil
46%
Nicaragua Managua 1.65 mil
46%
Mexico Guerrero 3.59 mil
45%
Bolivia Santa Cruz 3.58 mil
45%
Mexico Sinaloa 3.04 mil
45%
Mexico Quintana Roo 1.91 mil
44%
Brazil Goiás 7.29 mil
43%
United States Puerto Rico 3.32 mil
43%
Brazil Maranhão 7.33 mil
42%
Brazil Tocantins 1.70 mil
42%
Brazil Ceará 9.10 mil
40%
Brazil Sergipe 2.44 mil
40%
Mexico Zacatecas 1.69 mil
39%
Mexico Aguascalientes 1.48 mil
38%
Mexico Coahuila 3.22 mil
38%
Brazil Piauí 3.39 mil
38%
Mexico Querétaro 2.43 mil
38%
Mexico Guanajuato 6.26 mil
37%
Mexico San Luis Potosí 2.84 mil
37%
Mexico Tabasco 2.46 mil
37%
Chile Valparaíso 2.03 mil
37%
Brazil Alagoas 3.45 mil
36%
Brazil Espírito Santo 4.10 mil
36%
Mexico Michoacán 4.78 mil
36%
Argentina Mendoza 2.00 mil
34%
Mexico Hidalgo 3.14 mil
33%
Brazil Paraíba 4.25 mil
33%
Brazil Rondônia 1.86 mil
33%
Peru Arequipa 1.60 mil
32%
Mexico Morelos 2.04 mil
32%
Argentina Santa Fe 3.53 mil
31%
Colombia Antioquia 6.98 mil
28%
Bolivia Cochabamba 2.16 mil
26%
Colombia Atlántico 2.83 mil
25%
Colombia Cauca 1.52 mil
22%
Argentina Tucumán 1.69 mil
22%
Colombia Bolívar 2.25 mil
21%
Venezuela Bolívar 1.72 mil
21%
Venezuela Zulia 3.80 mil
20%
Paraguay Central 2.08 mil
19%
Colombia Santander 2.34 mil
19%
Colombia Cundinamarca 3.57 mil
17%
Colombia Valle del Cauca 4.61 mil
16%
Colombia Norte de Santander 1.66 mil
15%
Ecuador Guayas 4.55 mil
14%
Colombia Magdalena 1.47 mil
13%
Peru Piura 2.16 mil
12%
Chile Biobío 1.74 mil
11%
Venezuela Lara 1.85 mil
11%
Colombia Nariño 1.63 mil
11%
Ecuador Pichincha 3.34 mil
11%
Peru Cajamarca 1.49 mil
9%
Peru La Libertad 2.13 mil
9%
Venezuela Miranda 2.94 mil
9%
Venezuela Carabobo 2.22 mil
8%
Guatemala Huehuetenango 1.49 mil
7%
Haiti Artibonite 1.85 mil
6%
Ecuador Manabí 1.63 mil
6%
Guatemala Alta Verapaz 1.44 mil
5%
Venezuela Anzoátegui 1.55 mil
5%
Venezuela Aragua 1.63 mil
5%
Honduras Cortés 2.03 mil
5%
Honduras Francisco Morazán 1.90 mil
5%
No matching quizzes found
Score Distribution
Percent of People with Each Score
Percentile by Number Answered
Your Score History
You have not taken this quiz